[Event "V Open FIDE"]
[Site "Forli' ITA"]
[Date "1992.09.??"]
[Round "6"]
[White "Delanoy, Arnaud"]
[Black "Scotto, Marco"]
[WhiteElo "2215"]
[BlackElo "2290"]
[Result "0-1"]
[PlyCount "124"]
[EventDate "1992.09.12"]

1. e4 e5 2. Nc3 Bc5 3. Nf3 Nc6 4. Nxe5 Bxf2+ 5. Kxf2 Nxe5 6. d4 Ng6 7. Qf3 d6
8. Bc4 Be6 9. Bxe6 fxe6 10. Rf1 Qf6 11. Qxf6 Nxf6 12. Kg1 h6 13. Nb5 Kd7 14. e5
dxe5 15. dxe5 Nd5 16. Rf7+ Nde7 17. Be3 a6 18. Rd1+ Ke8 19. Rxe7+ Kxe7 20. Bc5+
Kf7 21. Rf1+ Kg8 22. Nxc7 Rc8 23. Bd6 Nf8 24. c3 Rh7 25. Rxf8+ Rxf8 26. Bxf8
Kxf8 27. Nxe6+ Ke8 28. Kf2 g6 29. Nd4 Rf7+ 30. Ke2 Ke7 31. h3 Rf4 32. Nf3 Ke6
33. Ke3 Ra4 34. a3 h5 35. Kd3 b5 36. Ke3 Kf5 37. g3 g5 38. Kd3 g4 39. Ng1 Kxe5
40. h4 Rc4 41. Ne2 Rc8 42. Nf4 Rd8+ 43. Ke2 Ke4 44. Nxh5 a5 45. Nf4 Rd6 46. Nh5
a4 47. Nf4 Rc6 48. Nd3 Rf6 49. Nf2+ Kf5 50. Nd3 Re6+ 51. Kd2 Re8 52. Nf2 Re7
53. Kd3 Re1 54. h5 Rf1 55. Ke2 Rb1 56. Nd3 Kg5 57. Ke3 Kxh5 58. Kd4 Rd1 59. c4
bxc4 60. Kxc4 Rg1 61. Nf4+ Kg5 62. Ne2 Rb1 0-1

[Event "V Open FIDE"]
[Site "Forli' ITA"]
[Date "1992.09.??"]
[Round "6"]
[White "Drei, Andrea"]
[Black "Andrienko, Anatoly"]
[WhiteElo "2280"]
[BlackElo "2230"]
[Result "1-0"]
[PlyCount "145"]
[EventDate "1992.09.12"]

1. e4 e6 2. d4 d5 3. exd5 exd5 4. Nf3 Bd6 5. Bd3 Bg4 6. O-O Nc6 7. Re1+ Nge7 8.
c3 Qd7 9. Nbd2 O-O-O 10. b4 Ng6 11. Nb3 Rde8 12. Be3 f5 13. Nc5 Bxc5 14. bxc5
Nh4 15. Nxh4 Bxd1 16. Bxf5 Re6 17. Raxd1 Rf8 18. Bxe6 Qxe6 19. Nf3 Qf5 20. Rd2
Re8 21. h3 h6 22. Red1 g5 23. Rd3 Re4 24. Nd2 Re6 25. Nf3 Na5 26. Ne5 Nc4 27.
Nxc4 dxc4 28. R3d2 Qd5 29. Rb2 h5 30. Rdb1 g4 31. hxg4 hxg4 32. Rb5 a6 33. Rxb7
Qxb7 34. Rxb7 Kxb7 35. Kh2 Kc6 36. Kg3 Re4 37. Kh4 Kd5 38. g3 c6 39. Kg5 Ke6
40. a3 Kd5 41. Kf5 Re8 42. Kxg4 Ke4 43. Kg5 Kd3 44. Kf6 Kxc3 45. Kf7 Rxe3 46.
fxe3 Kb2 47. d5 c3 48. dxc6 c2 49. c7 c1=Q 50. c8=Q Qc4+ 51. Qe6 Qxc5 52. Qf6+
Kxa3 53. Qxa6+ Kb4 54. Qe6 Qh5+ 55. Ke7 Kb5 56. Qb3+ Kc5 57. Qc3+ Kb5 58. Qd3+
Kc5 59. Qd4+ Kb5 60. g4 Qh7+ 61. Kf6 Qh6+ 62. Kf7 Qh7+ 63. Qg7 Qd3 64. Qe5+ Ka6
65. e4 Qd7+ 66. Qe7 Qd1 67. e5 Kb5 68. g5 Qh5+ 69. Kg7 Qh4 70. e6 Qd4+ 71. Qf6
Qa7+ 72. e7 Qd7 73. Kf8 1-0

[Event "V Open FIDE"]
[Site "Forli' ITA"]
[Date "1992.09.??"]
[Round "6"]
[White "Farago, Ivan"]
[Black "Malaniuk, Vladimir P."]
[WhiteElo "2510"]
[BlackElo "2540"]
[Result "1/2-1/2"]
[PlyCount "24"]
[EventDate "1992.09.12"]

1. Nf3 d5 2. d4 Bf5 3. e3 e6 4. c4 c6 5. Nc3 Nd7 6. Bd3 Bg6 7. O-O Ngf6 8. Re1
Be7 9. e4 dxe4 10. Nxe4 Nxe4 11. Bxe4 Bxe4 12. Rxe4 O-O 1/2-1/2

[Event "V Open FIDE"]
[Site "Forli' ITA"]
[Date "1992.09.??"]
[Round "6"]
[White "Fries-Nielsen, Jens Ove"]
[Black "Rashkovsky, Nukhim N."]
[WhiteElo "2385"]
[BlackElo "2530"]
[Result "0-1"]
[PlyCount "72"]
[EventDate "1992.09.12"]

1. d4 Nf6 2. c4 e6 3. Nc3 Bb4 4. e3 Nc6 5. Bd3 e5 6. Nge2 d5 7. cxd5 Nxd5 8.
O-O exd4 9. exd4 O-O 10. Qc2 h6 11. a3 Be7 12. Nxd5 Qxd5 13. Be3 Bd6 14. Rad1
Ne7 15. Nf4 Qc6 16. Qb1 Bg4 17. f3 Be6 18. Bh7+ Kh8 19. Nxe6 fxe6 20. Be4 Nd5
21. Rfe1 Qd7 22. Bf2 c6 23. g3 Rf6 24. Re2 Raf8 25. Rde1 Qf7 26. Qd3 g5 27. Qd2
Qh5 28. Be3 Bc7 29. Rf1 Bb6 30. Bf2 Qh3 31. Ree1 Bc7 32. Qe2 Rg8 33. Rd1 Nf4
34. gxf4 gxf4+ 35. Bg3 fxg3 36. Rfe1 g2 0-1

[Event "V Open FIDE"]
[Site "Forli' ITA"]
[Date "1992.09.??"]
[Round "6"]
[White "Giorgadze, Giorgi"]
[Black "Manca, Federico"]
[WhiteElo "2525"]
[BlackElo "2390"]
[Result "1-0"]
[PlyCount "151"]
[EventDate "1992.09.12"]

1. Nf3 Nf6 2. c4 g6 3. Nc3 Bg7 4. e4 d6 5. d4 O-O 6. Be2 c5 7. O-O cxd4 8. Nxd4
Nc6 9. Be3 Bd7 10. f3 Nxd4 11. Bxd4 a5 12. Qd2 Bc6 13. b3 Nd7 14. Be3 Nc5 15.
Rab1 Qb6 16. Nd5 Bxd5 17. exd5 Qb4 18. Rfd1 Qa3 19. Qc1 Qxc1 20. Rdxc1 f5 21.
a3 f4 22. Bf2 b6 23. Bf1 Be5 24. Re1 Ra7 25. Be2 Kg7 26. g3 Kg8 27. Kg2 Kg7 28.
Rh1 Kg8 29. g4 h6 30. Bd1 Kg7 31. Bc2 Rc8 32. Rhe1 Kf7 33. Re2 Kg7 34. h4 Kf7
35. Rd1 Kf6 36. Rh1 Kf7 37. g5 h5 38. Rd1 Rb7 39. b4 axb4 40. axb4 Nd7 41. Bb3
Ra7 42. Be1 Ra3 43. Rb1 Bd4 44. Bd2 Be3 45. Bxe3 fxe3 46. Rxe3 Ne5 47. Re4 Nd3
48. Bd1 Rc3 49. Be2 Ne5 50. Re1 Rc7 51. Bf1 Rc2+ 52. Kg3 Rc3 53. R1e3 Rxe3 54.
Rxe3 Nxc4 55. Rc3 b5 56. Bd3 Ra7 57. Bxc4 Rc7 58. Kf4 bxc4 59. Ke4 e5 60. f4
exf4 61. Kxf4 Ra7 62. Rxc4 Ra4 63. Re4 Ra3 64. Re6 Rh3 65. Rxd6 Rxh4+ 66. Ke5
Rxb4 67. Rf6+ Ke7 68. Rxg6 Rb1 69. Rg7+ Kf8 70. Rh7 Re1+ 71. Kf6 Rf1+ 72. Kg6
Rd1 73. Rf7+ Ke8 74. Rf4 Rxd5 75. Kh6 h4 76. g6 1-0

[Event "V Open FIDE"]
[Site "Forli' ITA"]
[Date "1992.09.??"]
[Round "6"]
[White "Godena, Michele"]
[Black "Conquest, Stuart C."]
[WhiteElo "2435"]
[BlackElo "2495"]
[Result "0-1"]
[PlyCount "68"]
[EventDate "1992.09.12"]

1. e4 c5 2. c3 b6 3. d4 Bb7 4. Nd2 cxd4 5. cxd4 g6 6. Bd3 Bg7 7. Ngf3 Nc6 8. d5
Nb4 9. Bc4 e6 10. O-O Nh6 11. a3 Na6 12. Nb3 Qc8 13. Qe2 O-O 14. dxe6 fxe6 15.
Be3 Ng4 16. Bd4 Rf4 17. Rac1 Qb8 18. Bxg7 Kxg7 19. Rfd1 d5 20. exd5 Rxf3 21. d6
Rxf2 22. Qxg4 Rxg2+ 23. Qxg2 Bxg2 24. Bxa6 Bd5 25. Rc7+ Kh6 26. Rd3 Qh8 27.
Rh3+ Kg5 28. Rf7 Rf8 29. Rg3+ Kh6 30. Rc7 Bxb3 31. Rxb3 Qd4+ 32. Kh1 Qe4+ 33.
Kg1 Qe1+ 34. Kg2 Rf2+ 0-1

[Event "V Open FIDE"]
[Site "Forli' ITA"]
[Date "1992.09.??"]
[Round "6"]
[White "Hodgson, Julian M."]
[Black "Belotti, Bruno"]
[WhiteElo "2555"]
[BlackElo "2405"]
[Result "1/2-1/2"]
[PlyCount "27"]
[EventDate "1992.09.12"]

1. d4 d6 2. e4 Nf6 3. Nc3 g6 4. Be2 Bg7 5. h4 c5 6. dxc5 Qa5 7. Qd3 Qxc5 8. h5
Nxh5 9. Bxh5 Bxc3+ 10. bxc3 gxh5 11. Rb1 Nc6 12. Nf3 Qa5 13. a3 b6 14. Bd2
1/2-1/2

[Event "V Open FIDE"]
[Site "Forli' ITA"]
[Date "1992.09.??"]
[Round "6"]
[White "Maljutin, Evgeni"]
[Black "Thorhallsson, Throstur"]
[WhiteElo "2480"]
[BlackElo "2445"]
[Result "1/2-1/2"]
[PlyCount "258"]
[EventDate "1992.09.12"]

1. e4 e6 2. d4 d5 3. exd5 exd5 4. Nf3 Nf6 5. Bd3 Bg4 6. O-O Be7 7. Bg5 O-O 8.
Nbd2 Nbd7 9. Re1 Re8 10. c3 Bh5 11. Qb3 Rb8 12. Ne5 Bg6 13. Nxg6 hxg6 14. Nf3
Bd6 15. c4 c5 16. Rxe8+ Qxe8 17. cxd5 cxd4 18. Bb5 a6 19. Re1 Qd8 20. Bxd7 Qxd7
21. Bxf6 gxf6 22. Nxd4 Rd8 23. Nf3 Bc5 24. Rd1 Kg7 25. g3 Re8 26. Qc4 Rc8 27.
Qd3 Qh3 28. Nd2 Bxf2+ 29. Kxf2 Qxh2+ 30. Ke3 Qxg3+ 31. Nf3 Re8+ 32. Kd2 Qf4+
33. Kc2 Re3 34. d6 Qa4+ 35. b3 Qxa2+ 36. Kc1 Rxd3 37. Rxd3 Qa1+ 38. Kc2 Qa2+
39. Kc1 Qa1+ 40. Kc2 Qa5 41. d7 Qd8 42. Nd2 f5 43. Nc4 f4 44. Kd2 g5 45. Ke2 g4
46. Rd1 Qe7+ 47. Kf1 f3 48. Rd2 Qd8 49. Ne3 f5 50. Nxf5+ Kg6 51. Rd5 Kf6 52.
Nd4 Ke7 53. Kf2 g3+ 54. Kxf3 g2 55. Rg5 Qxd7 56. Rg7+ Ke8 57. Rxd7 g1=Q 58. Rd6
Ke7 59. Re6+ Kd7 60. Re3 Kd6 61. Ke2 Kc5 62. Nc2 Qc1 63. Kd3 Qb2 64. b4+ Kb5
65. Kd2 Ka4 66. Rc3 b6 67. Rd3 Qf6 68. Ra3+ Kb5 69. Rc3 Qg7 70. Kd3 Qg2 71. Ra3
Qf3+ 72. Kd2 Qf6 73. Rc3 Qh8 74. Kd3 Qh6 75. Ra3 Qf6 76. Rc3 Qd6+ 77. Ke2 Qd8
78. Ke1 Ka4 79. Ra3+ Kb5 80. Rc3 Qd7 81. Ke2 Qd6 82. Ke1 Qh2 83. Kd1 Qg1+ 84.
Kd2 Qf1 85. Ra3 Qf6 86. Rc3 Qh8 87. Kd3 Qg8 88. Kd2 Qh8 89. Kd3 Qd8+ 90. Ke2 a5
91. bxa5 Kxa5 92. Rd3 Qg5 93. Rd4 Kb5 94. Kd3 Qg3+ 95. Kd2 Kc5 96. Ra4 Qf3 97.
Rd4 Qh3 98. Kc1 Qc3 99. Ra4 Qe5 100. Kb1 Qf6 101. Rg4 Qf3 102. Rd4 Qb3+ 103.
Kc1 Qc3 104. Ra4 Qf6 105. Rg4 Qe5 106. Ra4 Qg7 107. Re4 Qg6 108. Rd4 Qg1+ 109.
Kb2 Qg7 110. Kb3 Qf7+ 111. Kb2 Qf2 112. Ra4 Qf6+ 113. Rd4 Qh8 114. Kb3 b5 115.
Rb4 Qg8+ 116. Kb2 Qg7+ 117. Kb3 Qg1 118. Kb2 Qf2 119. Rd4 Qxc2+ 120. Kxc2 Kxd4
121. Kb3 Kc5 122. Kc3 b4+ 123. Kb3 Kb5 124. Kb2 Kc4 125. Kc2 b3+ 126. Kb2 Kb4
127. Kb1 Kc3 128. Kc1 b2+ 129. Kb1 Kb3 1/2-1/2

[Event "V Open FIDE"]
[Site "Forli' ITA"]
[Date "1992.09.??"]
[Round "6"]
[White "Mileto, Gabriele"]
[Black "Bartolini, Tommaso"]
[WhiteElo "2240"]
[BlackElo "1902"]
[Result "1-0"]
[PlyCount "89"]
[EventDate "1992.09.12"]

1. Nf3 Nf6 2. c4 g6 3. Nc3 Bg7 4. e4 d6 5. d4 O-O 6. Be2 e5 7. O-O Na6 8. Be3
Ng4 9. Bg5 Qe8 10. dxe5 dxe5 11. h3 h6 12. Bc1 Nf6 13. Be3 Nh5 14. Qc1 c6 15.
Bxh6 Nc7 16. Ne1 Bxh6 17. Qxh6 Nf4 18. Nd3 Nxd3 19. Bxd3 Ne6 20. Ne2 Nc5 21.
Qe3 Qe7 22. Bc2 Be6 23. b3 Kg7 24. f4 exf4 25. Nxf4 Rh8 26. Rf2 g5 27. Qg3 f6
28. Raf1 Rh6 29. e5 fxe5 30. Nxe6+ Rxe6 31. Rf7+ Qxf7 32. Rxf7+ Kxf7 33. Qf2+
Kg7 34. Qxc5 b6 35. Qe3 Kf6 36. Qf3+ Ke7 37. Qf5 Rf8 38. Qxg5+ Kd6 39. Be4 Rf4
40. Bf3 Rd4 41. Bg4 Re8 42. Qg6+ Ke7 43. Qg7+ Kd8 44. Qxa7 e4 45. Qxb6+ 1-0

[Event "V Open FIDE"]
[Site "Forli' ITA"]
[Date "1992.09.??"]
[Round "6"]
[White "Stavru, Alessandro"]
[Black "Trevisani, Bruno"]
[WhiteElo "2235"]
[BlackElo "2315"]
[Result "1-0"]
[PlyCount "69"]
[EventDate "1992.09.12"]

1. e4 g6 2. d4 Bg7 3. Nf3 d6 4. Be2 Nd7 5. Nc3 c6 6. a4 Qc7 7. O-O b6 8. Be3
Ngf6 9. Qd2 O-O 10. h3 Bb7 11. Bh6 Rad8 12. Bxg7 Kxg7 13. Rfd1 Rfe8 14. Qe3 e5
15. d5 a6 16. Rd2 cxd5 17. Nxd5 Nxd5 18. exd5 Rc8 19. Nh4 h6 20. Bg4 Rcd8 21.
Ra3 Qc5 22. Qg3 Qb4 23. Rc3 Nf6 24. Be6 Qf4 25. Qxf4 exf4 26. Rc7 Rxe6 27. dxe6
Be4 28. Rxf7+ Kg8 29. Rxf6 g5 30. Nf5 d5 31. Nd4 Rd6 32. f3 Bh7 33. Rxh6 Kg7
34. Rxh7+ Kxh7 35. e7 1-0

[Event "V Open FIDE"]
[Site "Forli' ITA"]
[Date "1992.09.??"]
[Round "6"]
[White "Tocchioni, Doriano"]
[Black "Mauro, Alan"]
[WhiteElo "2240"]
[BlackElo "2230"]
[Result "0-1"]
[PlyCount "84"]
[EventDate "1992.09.12"]

1. d4 Nf6 2. c4 a6 3. Nc3 c5 4. Nf3 cxd4 5. Nxd4 g6 6. e4 d6 7. Be2 Bg7 8. O-O
O-O 9. Be3 Nc6 10. h3 Bd7 11. Qd2 Nxd4 12. Bxd4 Bc6 13. Qe3 Qb8 14. f4 b5 15.
cxb5 axb5 16. Bf3 b4 17. e5 dxe5 18. fxe5 Bxf3 19. exf6 Bxf6 20. Bxf6 exf6 21.
Rxf3 bxc3 22. Qxc3 f5 23. Rd3 Qb5 24. b4 Rfe8 25. a3 Re2 26. Rad1 Rae8 27. Qc7
Qa6 28. Qd6 Qa7+ 29. Qd4 Qe7 30. Qf4 Qb7 31. Qf3 Qb6+ 32. Kh1 h5 33. Rf1 h4 34.
Qf4 Qf6 35. Rdf3 Qb2 36. Qxh4 Rxg2 37. R1f2 Rxf2 38. Qxf2 Re2 39. Qg1 Qc2 40.
b5 Qe4 41. Qg3 Qb1+ 42. Qg1 Re1 0-1

[Event "V Open FIDE"]
[Site "Forli' ITA"]
[Date "1992.09.??"]
[Round "6"]
[White "Vezzani, Stefano"]
[Black "Pamuk, Murat"]
[WhiteElo "2061"]
[BlackElo "2220"]
[Result "1/2-1/2"]
[PlyCount "57"]
[EventDate "1992.09.12"]

1. f4 d5 2. Nf3 g6 3. e3 Bg7 4. d4 Nf6 5. Bd3 O-O 6. O-O b6 7. Qe2 Bb7 8. Bd2
c5 9. c3 Nbd7 10. Be1 Ne4 11. Nbd2 Ndf6 12. Bh4 Qc7 13. Ne5 Nxd2 14. Qxd2 e6
15. Bxf6 Bxf6 16. g4 Qe7 17. Nf3 Bg7 18. h4 f6 19. g5 f5 20. Qh2 c4 21. Be2 Qf7
22. Kf2 Bc6 23. Rh1 Rfb8 24. h5 gxh5 25. Nd2 Be8 26. Bxh5 Qxh5 27. Qxh5 Bxh5
28. Rxh5 b5 29. Rah1 1/2-1/2

[Event "V Open FIDE"]
[Site "Forli' ITA"]
[Date "1992.09.??"]
[Round "6"]
[White "Wagman, Stuart"]
[Black "Lagumina, Giulio"]
[WhiteElo "2215"]
[BlackElo "2250"]
[Result "0-1"]
[PlyCount "66"]
[EventDate "1992.09.12"]

1. e4 e5 2. Nf3 Nc6 3. Bb5 a6 4. Ba4 Nf6 5. O-O Be7 6. Re1 b5 7. Bb3 O-O 8. c3
d5 9. exd5 Nxd5 10. Nxe5 Nxe5 11. Rxe5 c6 12. d4 Bd6 13. Re1 Qh4 14. g3 Qh3 15.
Re4 Qd7 16. Na3 f5 17. Rh4 Be7 18. Rf4 Kh8 19. Rf3 Bb7 20. c4 Nf6 21. c5 Rad8
22. Be3 Nd5 23. Qd2 Qe8 24. Bg5 Bxg5 25. Qxg5 Qe4 26. Bxd5 Rxd5 27. Re3 Qxd4
28. Rae1 Rdd8 29. Re7 Bc8 30. Nc2 Qxb2 31. Rf7 h6 32. Qg6 Rxf7 33. Qxf7 Qxc2
0-1

[Event "V Open FIDE"]
[Site "Forli' ITA"]
[Date "1992.09.??"]
[Round "7"]
[White "Andrienko, Anatoly"]
[Black "Vezzosi, Paolo"]
[WhiteElo "2230"]
[BlackElo "2325"]
[Result "1-0"]
[PlyCount "97"]
[EventDate "1992.09.12"]

1. e4 e6 2. d4 d5 3. e5 c5 4. c3 Nc6 5. Nf3 Bd7 6. a3 Qb6 7. b4 cxd4 8. cxd4
Rc8 9. Be3 Nd8 10. Bd3 Bb5 11. O-O Ne7 12. Bxb5+ Qxb5 13. Qd2 Nf5 14. Nc3 Qd7
15. Qd3 Nc6 16. Bd2 Be7 17. Ne2 O-O 18. b5 Nb8 19. g4 Nh4 20. Nxh4 Bxh4 21. g5
f6 22. f4 fxg5 23. fxg5 Qe7 24. Rxf8+ Rxf8 25. Qh3 Bf2+ 26. Kg2 Rf5 27. Rf1 Qf7
28. Rc1 Qd7 29. Qc3 Bh4 30. Qc8+ Rf8 31. Qxd7 Nxd7 32. Bf4 Rf5 33. Rc7 Bxg5 34.
Kg3 Nf8 35. Rxb7 Bxf4+ 36. Nxf4 Rf7 37. Rb8 Re7 38. a4 Kf7 39. a5 Rc7 40. b6
axb6 41. axb6 Rc3+ 42. Kf2 Rb3 43. Rb7+ Ke8 44. Ke2 g6 45. Nd3 Nd7 46. Rxd7
Rxd3 47. Rxh7 Rb3 48. b7 Kd8 49. h4 1-0

[Event "V Open FIDE"]
[Site "Forli' ITA"]
[Date "1992.09.??"]
[Round "7"]
[White "Aurel, Luc"]
[Black "Brancaleoni, Maurizio"]
[WhiteElo "2225"]
[BlackElo "2004"]
[Result "0-1"]
[PlyCount "58"]
[EventDate "1992.09.12"]

1. c4 g6 2. g3 Bg7 3. Bg2 e5 4. d3 Nc6 5. e4 d6 6. Nc3 h5 7. h4 Bg4 8. f3 Be6
9. Nge2 Nh6 10. Be3 O-O 11. Qd2 Kh7 12. g4 f5 13. Bg5 Qd7 14. gxh5 gxh5 15.
O-O-O Nd4 16. Rdg1 b5 17. Nxd4 exd4 18. Nxb5 fxe4 19. fxe4 Ng4 20. Bh3 a6 21.
Bxg4 Bxg4 22. Na3 Rf3 23. Rf1 Raf8 24. Rxf3 Rxf3 25. Nc2 Qf7 26. Ne1 Rf2 27.
Qa5 Re2 28. Bd2 Qf2 29. Qg5 Rxd2 0-1

[Event "V Open FIDE"]
[Site "Forli' ITA"]
[Date "1992.09.??"]
[Round "7"]
[White "Bartolini, Tommaso"]
[Black "Delanoy, Arnaud"]
[WhiteElo "1902"]
[BlackElo "2215"]
[Result "1/2-1/2"]
[PlyCount "65"]
[EventDate "1992.09.12"]

1. d4 d5 2. c4 e6 3. Nc3 Bb4 4. cxd5 exd5 5. Qc2 c5 6. Nf3 Nf6 7. Bg5 Nbd7 8.
e3 Qa5 9. Bd3 c4 10. Bf5 O-O 11. O-O Re8 12. Nd2 g6 13. Bh3 Bxc3 14. bxc3 Ne4
15. Nxe4 dxe4 16. Bxd7 Bxd7 17. Bf4 Qd5 18. Qe2 b5 19. Rab1 Re6 20. Rb2 Ra6 21.
f3 Bf5 22. Bh6 Re8 23. f4 Bd7 24. g4 f5 25. h3 Rb8 26. Kf2 Ra3 27. Rc1 b4 28.
gxf5 Bxf5 29. cxb4 c3 30. Rbc2 Rxb4 31. Rxc3 Rxa2 32. R3c2 Rba4 33. Kg3 1/2-1/2

[Event "V Open FIDE"]
[Site "Forli' ITA"]
[Date "1992.09.??"]
[Round "7"]
[White "Belotti, Bruno"]
[Black "Fries-Nielsen, Jens Ove"]
[WhiteElo "2405"]
[BlackElo "2385"]
[Result "1/2-1/2"]
[PlyCount "36"]
[EventDate "1992.09.12"]

1. d4 e6 2. c4 f5 3. g3 Nf6 4. Bg2 Bb4+ 5. Bd2 Qe7 6. Nf3 O-O 7. O-O Bxd2 8.
Qxd2 Ne4 9. Qe3 d6 10. Nc3 Nxc3 11. Qxc3 Nd7 12. b4 e5 13. dxe5 dxe5 14. c5 c6
15. Rad1 e4 16. Nd4 a5 17. a3 axb4 18. axb4 Nf6 1/2-1/2

[Event "V Open FIDE"]
[Site "Forli' ITA"]
[Date "1992.09.??"]
[Round "7"]
[White "Malaniuk, Vladimir P."]
[Black "Golod, Vitali"]
[WhiteElo "2540"]
[BlackElo "2410"]
[Result "1-0"]
[PlyCount "73"]
[EventDate "1992.09.12"]

1. d4 Nf6 2. Nf3 c5 3. d5 b5 4. c4 e6 5. Bg5 h6 6. Bxf6 Qxf6 7. Nc3 bxc4 8. e4
d6 9. Bxc4 e5 10. Qa4+ Nd7 11. Ba6 Qd8 12. Nd2 Bxa6 13. Qxa6 Qb6 14. Qxb6 Nxb6
15. Ke2 Be7 16. b3 Kd7 17. Rab1 Rhb8 18. h4 h5 19. g3 Bd8 20. Kd3 Nc8 21. Nc4
Nb6 22. Nd2 Nc8 23. Nd1 Rb4 24. Nc4 Rab8 25. Nc3 Ne7 26. Rbf1 Ng6 27. Nd1 a6
28. Nde3 a5 29. Nf5 Bc7 30. Nxg7 a4 31. Rb1 axb3 32. a3 Ra4 33. Rb2 Rg8 34. Nf5
Ne7 35. Nfxd6 f5 36. Re1 Rg4 37. Nb7 1-0

[Event "V Open FIDE"]
[Site "Forli' ITA"]
[Date "1992.09.??"]
[Round "7"]
[White "Maljutin, Evgeni"]
[Black "Palac, Mladen"]
[WhiteElo "2480"]
[BlackElo "2505"]
[Result "1-0"]
[PlyCount "85"]
[EventDate "1992.09.12"]

1. e4 c5 2. Nf3 d6 3. d4 cxd4 4. Nxd4 Nf6 5. f3 e5 6. Nb3 d5 7. Bg5 Be6 8. Bxf6
gxf6 9. exd5 Bxd5 10. Nc3 Bb4 11. Qd3 Bc6 12. Qxd8+ Kxd8 13. O-O-O+ Kc7 14.
Nb5+ Bxb5 15. Bxb5 Nc6 16. c3 Be7 17. Rhe1 a6 18. Bxc6 bxc6 19. Nd4 Bc5 20. Nf5
a5 21. Rd2 Rad8 22. Rxd8 Rxd8 23. Re4 Rg8 24. g3 Rg5 25. g4 Rg8 26. Rc4 Bd6 27.
Ra4 Ra8 28. b4 Bf8 29. Rxa5 Rxa5 30. bxa5 Kb7 31. Kc2 Ka6 32. Kd3 Kxa5 33. Ke4
Ka4 34. Ng3 Ka3 35. Kf5 Be7 36. Ne4 Kxa2 37. h4 h6 38. Nxf6 Kb3 39. h5 Kxc3 40.
g5 hxg5 41. Nd7 e4 42. fxe4 g4 43. Kxg4 1-0

[Event "V Open FIDE"]
[Site "Forli' ITA"]
[Date "1992.09.??"]
[Round "7"]
[White "Manca, Federico"]
[Black "Lagumina, Giulio"]
[WhiteElo "2390"]
[BlackElo "2250"]
[Result "1/2-1/2"]
[PlyCount "76"]
[EventDate "1992.09.12"]

1. e4 e5 2. Nf3 d6 3. d4 exd4 4. Nxd4 g6 5. Nc3 Bg7 6. Be3 Nf6 7. Qd2 O-O 8.
O-O-O Re8 9. f3 Nc6 10. Bc4 Ne5 11. Bb3 a6 12. Nde2 b5 13. Nf4 Bb7 14. Nfd5 c5
15. Nxf6+ Bxf6 16. Nd5 Bxd5 17. Bxd5 Rb8 18. Kb1 Nc4 19. Bxc4 bxc4 20. c3 Qa5
21. Rc1 Rb6 22. Rc2 Reb8 23. Rhc1 Rb5 24. Bg5 Bg7 25. f4 Qb6 26. f5 Be5 27. h4
Rb3 28. Ka1 Bxc3 29. Rxc3 Rxb2 30. Rb3 Rxa2+ 31. Qxa2 cxb3 32. Qb2 Qb4 33. Bh6
Qa4+ 34. Kb1 Qxe4+ 35. Ka1 f6 36. Bd2 Qa4+ 37. Kb1 Qe4+ 38. Ka1 Qa4+ 1/2-1/2

[Event "V Open FIDE"]
[Site "Forli' ITA"]
[Date "1992.09.??"]
[Round "7"]
[White "Mantovani, Renzo"]
[Black "Godena, Michele"]
[WhiteElo "2340"]
[BlackElo "2435"]
[Result "1/2-1/2"]
[PlyCount "46"]
[EventDate "1992.09.12"]

1. e4 e5 2. Nf3 Nc6 3. Bc4 Nf6 4. Qe2 Be7 5. d3 d6 6. c3 O-O 7. Bb3 Na5 8. Bc2
c5 9. Nbd2 Nc6 10. Nf1 d5 11. Ng3 Re8 12. O-O h6 13. a3 a6 14. b4 Be6 15. Rb1
Qc7 16. Bb3 b5 17. Bd2 Rad8 18. h3 Qd7 19. Rbe1 Bf8 20. Ra1 Kh7 21. bxc5 Bxc5
22. a4 Kg8 23. axb5 axb5 1/2-1/2

[Event "V Open FIDE"]
[Site "Forli' ITA"]
[Date "1992.09.??"]
[Round "7"]
[White "Mauro, Alan"]
[Black "Arduman, Can"]
[WhiteElo "2230"]
[BlackElo "2405"]
[Result "0-1"]
[PlyCount "108"]
[EventDate "1992.09.12"]

1. e4 c5 2. Nf3 a6 3. c3 d5 4. exd5 Nf6 5. d4 cxd4 6. cxd4 Nxd5 7. Be2 Nc6 8.
O-O g6 9. Nc3 Bg7 10. Qb3 Nxc3 11. bxc3 O-O 12. Rd1 Qc7 13. Be3 Bd7 14. Rac1 b5
15. c4 bxc4 16. Qxc4 Qd6 17. g3 Rfc8 18. Ng5 Nd8 19. Qb3 Rcb8 20. Bf4 Rxb3 21.
Bxd6 Rb6 22. Bxe7 h6 23. Bf3 Rab8 24. Rc7 Ba4 25. Rdc1 hxg5 26. Rc8 g4 27. Bxg4
Kh7 28. Bxd8 Rxc8 29. Bxc8 Rb2 30. Rc7 Kg8 31. g4 Bxd4 32. Bh4 Bb5 33. a4 Be2
34. Kg2 Ra2 35. h3 Rxa4 36. Bb7 Bc4 37. Bc6 Rb4 38. Bd7 Bd5+ 39. Kf1 Bf3 40.
Rc1 a5 41. Bc6 Bb2 42. Rc2 Bd1 43. Rd2 Bb3 44. Be7 Rb6 45. Bd8 Bc3 46. Bxb6
Bxd2 47. Ke2 Bb4 48. Bd4 a4 49. h4 a3 50. h5 gxh5 51. gxh5 a2 52. f4 f5 53. Bb2
Ba3 54. Ba1 Bf8 0-1

[Event "V Open FIDE"]
[Site "Forli' ITA"]
[Date "1992.09.??"]
[Round "7"]
[White "Nemet, Ivan"]
[Black "Drei, Andrea"]
[WhiteElo "2400"]
[BlackElo "2280"]
[Result "1-0"]
[PlyCount "97"]
[EventDate "1992.09.12"]

1. d4 Nf6 2. c4 e6 3. Nc3 Bb4 4. Qc2 O-O 5. a3 Bxc3+ 6. Qxc3 b6 7. Nf3 Bb7 8.
e3 d6 9. b4 a5 10. b5 Nbd7 11. Bb2 Ne4 12. Qc2 f5 13. Nd2 Qg5 14. Nxe4 Bxe4 15.
Qd2 Rae8 16. f3 Bb7 17. Bd3 Qh4+ 18. Qf2 Qh6 19. O-O e5 20. Bc1 e4 21. Be2 exf3
22. gxf3 Rf6 23. Kh1 Rg6 24. Rg1 Rxg1+ 25. Qxg1 f4 26. d5 fxe3 27. a4 Nf6 28.
Ra3 Nh5 29. f4 Nxf4 30. Rxe3 Rf8 31. Bf3 Ng6 32. Bg4 Qf4 33. Be6+ Kh8 34. Bb2
Qxc4 35. Qxg6 Bxd5+ 36. Bxd5 Qxd5+ 37. Qe4 Qd1+ 38. Re1 Qd2 39. Qe2 Qd5+ 40.
Qg2 Qxg2+ 41. Kxg2 Kg8 42. Re7 Rf7 43. Re8+ Rf8 44. Rxf8+ Kxf8 45. Kf3 Kf7 46.
Ke4 g5 47. Kf5 h6 48. Bf6 Ke8 49. Bg7 1-0

[Event "V Open FIDE"]
[Site "Forli' ITA"]
[Date "1992.09.??"]
[Round "7"]
[White "Rashkovsky, Nukhim N."]
[Black "Farago, Ivan"]
[WhiteElo "2530"]
[BlackElo "2510"]
[Result "1-0"]
[PlyCount "61"]
[EventDate "1992.09.12"]

1. d4 Nf6 2. Nf3 e6 3. g3 b5 4. Bg2 Bb7 5. O-O c5 6. Na3 Qb6 7. dxc5 Bxc5 8. b4
Be7 9. Be3 Qa6 10. Nxb5 Qxb5 11. Nd4 Qxb4 12. Rb1 Bxg2 13. Rxb4 Bxf1 14. Rc4
O-O 15. Kxf1 Nd5 16. Nf5 Nc6 17. Nxe7+ Ncxe7 18. Bd4 f5 19. Ra4 Nc8 20. c4 Nde7
21. Qb3 Rd8 22. Qc3 Nb6 23. Bxg7 f4 24. Ra5 d5 25. Qf6 Nf5 26. Qxe6+ Kxg7 27.
Qxf5 fxg3 28. hxg3 Nxc4 29. Qg5+ Kh8 30. Rxa7 Rxa7 31. Qxd8+ 1-0

[Event "V Open FIDE"]
[Site "Forli' ITA"]
[Date "1992.09.??"]
[Round "7"]
[White "Scotto, Marco"]
[Black "Pieri, Filippo"]
[WhiteElo "2290"]
[BlackElo "2235"]
[Result "1/2-1/2"]
[PlyCount "167"]
[EventDate "1992.09.12"]

1. e4 c5 2. Nf3 d6 3. c3 Nf6 4. Bd3 g6 5. O-O Bg7 6. Bc2 Nc6 7. d3 O-O 8. Re1
e5 9. d4 cxd4 10. cxd4 Bg4 11. dxe5 dxe5 12. Be3 Qxd1 13. Rxd1 Nb4 14. Bb3 Nxe4
15. h3 Bf5 16. g4 Be6 17. Nc3 Bxb3 18. axb3 Nxc3 19. bxc3 Nc2 20. Ra4 Nxe3 21.
fxe3 f6 22. Rb4 Rf7 23. Rd5 Kf8 24. e4 Rc7 25. c4 Ke8 26. Ra4 Rd7 27. Rb5 a6
28. Rb6 Kf7 29. c5 Rc8 30. b4 g5 31. Kf1 Bf8 32. Ke2 Be7 33. c6 Rxc6 34. Rxc6
bxc6 35. Rxa6 Rc7 36. Rb6 Ra7 37. Nd2 Ra3 38. Rxc6 Bxb4 39. Nf3 Ra2+ 40. Ke3
Ra3+ 41. Ke2 Bc3 42. Rc7+ Kg6 43. h4 gxh4 44. Nxh4+ Kg5 45. Rxh7 Kxg4 46. Nf5
Bd4 47. Rh4+ Kg5 48. Rh8 Bc5 49. Rc8 Ba7 50. Rh8 Rb3 51. Rh7 Bc5 52. Rc7 Ba3
53. Rh7 Bc1 54. Rh8 Ba3 55. Rh7 Bc5 56. Rc7 Bb6 57. Rh7 Rb2+ 58. Kf3 Rf2+ 59.
Kg3 Rxf5 60. exf5 Kxf5 61. Re7 e4 62. Rb7 Bd4 63. Re7 Bc5 64. Re8 Bb6 65. Re7
Bd4 66. Re8 Bc5 67. Rc8 Bd6+ 68. Kf2 Ke5 69. Ra8 Kd5 70. Rh8 f5 71. Rh5 Bc5+
72. Ke2 Ke6 73. Rh6+ Ke5 74. Rg6 Be7 75. Rg8 f4 76. Re8 Kf6 77. Rb8 Bc5 78. Rb5
f3+ 79. Kf1 Bd4 80. Rd5 Be5 81. Kf2 Ke6 82. Rb5 Bd4+ 83. Kg3 Kd6 84. Rf5
1/2-1/2

[Event "V Open FIDE"]
[Site "Forli' ITA"]
[Date "1992.09.??"]
[Round "7"]
[White "Thorhallsson, Throstur"]
[Black "Giorgadze, Giorgi"]
[WhiteElo "2445"]
[BlackElo "2525"]
[Result "0-1"]
[PlyCount "73"]
[EventDate "1992.09.12"]

1. e4 c6 2. d4 g6 3. Nf3 d5 4. e5 Bg7 5. h3 Nh6 6. Bf4 f6 7. Qd2 Nf7 8. Nc3 O-O
9. O-O-O a5 10. Re1 b5 11. h4 e6 12. g4 Nd7 13. g5 f5 14. h5 Re8 15. Nh4 Nh8
16. Qe3 Qb6 17. Be2 a4 18. hxg6 hxg6 19. Bd1 b4 20. Ne2 Ba6 21. Kb1 Bc4 22. Nc1
Reb8 23. b3 Bb5 24. Rh3 c5 25. Reh1 cxd4 26. Qe1 Nc5 27. Bd2 d3 28. Ng2 dxc2+
29. Bxc2 axb3 30. Bxb3 Nxb3 31. Rxb3 Bc4 32. Rb2 Qd4 33. Nf4 Ra6 34. Qe3 Qxe5
35. Qxe5 Bxe5 36. Rxh8+ Bxh8 37. Rxb4 0-1